000 00554nam a2200169Ia 4500
008 090711s9999 xx 000 0 und d
082 _b72067
100 _aमांडरे सूर्यकांत
245 _aकोल्हापूरी साज
260 _c1993
300 _a208
600 _aमांडरे सूर्यकांत
630 _aकोल्हापूरी साज
700 _aमांडरे सूर्यकांत
730 _aकोल्हापूरी साज
942 _cBOOK
999 _c332376
_d332376